Real algebraic geometry. t.I /
Spremljeno u:
| Glavni autor: | |
|---|---|
| Daljnji autori: | , |
| Format: | Sách giấy |
| Jezik: | English French |
| Izdano: |
Berlin ; New York :
Springer,
c1998.
|
| Serija: | Ergebnisse der Mathematik und ihrer Grenzgebiete ;
3. Folge, Bd. 36. |
| Teme: | |
| Oznake: |
Dodaj oznaku
Bez oznaka, Budi prvi tko označuje ovaj zapis!
|
| Thư viện lưu trữ: | Thư viện Trường Đại học Đà Lạt |
|---|
| LEADER | 01501nam a2200421 4500 | ||
|---|---|---|---|
| 001 | DLU110121533 | ||
| 005 | ##20110519 | ||
| 008 | ##980706s1998 gw a b 001 0 eng | ||
| 010 | # | # | |a 98029344 |
| 020 | # | # | |a 3540646639 (hardcover : acid-free paper) |
| 035 | # | # | |9 (DLC) 98029344 |
| 040 | # | # | |a DLC |c DLC |d DLC |
| 041 | # | # | |a eng |h fre |
| 082 | # | # | |a 516.35 |b BO-J |
| 100 | # | # | |a Bochnak, J. |q (Jacek) |
| 240 | # | # | |a Géométrie algébrique réelle. |l English |
| 245 | # | # | |a Real algebraic geometry. |n t.I / |c Jacek Bochnak, Michel Coste, Marie-Françoise Roy. |
| 260 | # | # | |a Berlin ; |a New York : |b Springer, |c c1998. |
| 300 | # | # | |a ix, 430 p. : |b ill. ; |c 17x25 cm. |
| 500 | # | # | |a "A substantially revised and expanded English version of the book 'Géométrie algébrique réelle', originally published in French as Ergebnisse der Mathematik und ihrer Grenzgebiete, 3. Folge, Vol. 12"--T.p. verso. |
| 504 | # | # | |a Includes bibliographical references (p. [407]-420) and indexes. |
| 650 | # | # | |a Functions of real variables. |
| 650 | # | # | |a Geometry, Algebraic. |
| 700 | # | # | |a Coste, M. |q (Michel) |
| 700 | # | # | |a Roy, M.-F. |q (Marie-Françoise) |
| 830 | # | # | |a Ergebnisse der Mathematik und ihrer Grenzgebiete ; |v 3. Folge, Bd. 36. |
| 923 | # | # | |a 01/2011TN |
| 990 | # | # | |a t.I |
| 991 | # | # | |a GT |
| 992 | # | # | |a 0 |
| 994 | # | # | |a KTN |
| 900 | # | # | |a True |
| 911 | # | # | |a Đào Thị Thu Huyền |
| 925 | # | # | |a G |
| 926 | # | # | |a A |
| 927 | # | # | |a SH |
| 980 | # | # | |a Thư viện Trường Đại học Đà Lạt |


